Normal view
MARC view
- Discrimination in employment
Entry Topical Term
001 - CONTROL NUMBER
- control field: 131187
003 - CONTROL NUMBER IDENTIFIER
- control field: NUST
005 - DATE AND TIME OF LATEST TRANSACTION
- control field: 20251015151742.0
008 - FIXED-LENGTH DATA ELEMENTS
- fixed length control field: 251015|| aca||aabn | a|a d
040 ## - CATALOGING SOURCE
- Original cataloging agency: NUST
- Transcribing agency: NUST
150 ## - HEADING--TOPICAL TERM
- Topical term or geographic name entry element: Discrimination in employment
670 ## - SOURCE DATA FOUND
- Source citation: Work cat.: (NUST)0: Daniels, Shereen, author. 131185, The antiracist organization: dismantling systemic racism in the workplace /, c2022.
